Score 0/18 Timer 04:00
1 Play Today
Quote Missing Word % Correct
______ night, and ______ luck.Good
97.8%
______ me liberty or ______ me death.Give
96.1%
To ______ or not to ______, that is the question.Be
95%
That's ______ small step for man, ______ giant leap for mankindOne
93.6%
It's better to have ______ and lost, than to have never ______ at all.Loved
86.5%
Genius is one ______ inspiration, ninety-nine ______ perspiration.Percent
86.5%
The only thing we have to ______ is ______ itself.Fear
86.4%
Ask not what your ______ can do for you - ask what you can do for your ______.Country
86.3%
______ to bed and ______ to rise, makes a man healthy, wealthy, and wise.Early
84.4%
Quote Missing Word % Correct
If you are ______ through hell, keep ______.Going
81.7%
Give a man a ______ and you feed him for a day.
Teach a man to ______ and you feed him for a lifetime.
Fish
80.6%
______ times call for ______ measures.Desperate
73%
I have found that if you love ______, ______ will love you back. Life
61.9%
The trouble with the ______ race is that even if you win, you’re still a ______.Rat
55.5%
It's not the size of the ______ in the fight, it's the size of the fight in the ______.Dog
53.3%
______ without religion is lame. Religion without ______ is blind.Science
38.4%
If you stare into the ______ long enough the ______ stares back at you. Abyss
26.2%
In ______, there is no difference between ______ and practice. But in practice, there is.Theory
19.1%

Today's Daily Dose

Remove Ads.
Support Sporcle.
Get the best of Sporcle when you Go Orange. This ad-free experience offers more features, more stats, and more fun while also helping to support Sporcle. Thank you for becoming a member.

You're not logged in!

Compare scores with friends on all Sporcle quizzes.
OR
Log In

Show Comments

Extras

Top Quizzes Today


Score Distribution

Your Account Isn't Verified!

In order to create a playlist on Sporcle, you need to verify the email address you used during registration. Go to your Sporcle Settings to finish the process.

Report this User

Report this user for behavior that violates our Community Guidelines.

Details: